| 000 | 01323nam a2200301 i 4500 | ||
|---|---|---|---|
| 003 | EG-ScBUE | ||
| 005 | 20240716104957.0 | ||
| 008 | 090728s1960 le f b 001 0 ara d | ||
| 017 | _a | ||
| 040 |
_aEG-ScBUE _bara _erda _cEG-ScBUE _dEG-ScBUE |
||
| 041 | 1 |
_aara _heng |
|
| 043 | _aa-tu--- | ||
| 082 | 0 | 4 |
_a956.1015 _bر ا م _222 |
| 100 | 1 |
_aرامزور، إرنست أ.، _eمؤلف. |
|
| 245 | 1 | 0 |
_aتركية الفتاة وثورة 1908 / _cتأليف الدكتور إرنست أ. رامزور ؛ ترجمة الدكتور صالح أحمد العلي ؛ قدم له وراجعه الدكتور نقولا زياده. |
| 264 | 1 |
_aبيروت : _bمنشورات دار مكتبة الحياة، _c1960. |
|
| 300 | 2 |
_a259 صفحة ؛ _c24 سم |
|
| 336 |
_2rdacontent _aنص _btxt |
||
| 337 |
_aبدون وسيط _2rdamedia _bn |
||
| 338 |
_aمجلد _bnc _2rdacarrier |
||
| 504 | _aيشتمل على إرجاعات ببليوجرافية وكشافات. | ||
| 546 | _aالنص باللغة العربية وتم ترجمته من اللغة الإنجليزية. | ||
| 651 | 7 |
_98204 _aتركيا _xتاريخ _yالعصر الحديث. _2BUEsh |
|
| 655 | _vReading book | ||
| 700 | 1 |
_aعلي، صالح أحمد، _eمترجم. |
|
| 700 | 1 |
_aزياده، نقولا، _eمقدم، _eمراجع. |
|
| 942 |
_2ddc _cBB |
||
| 999 |
_c12450 _d12450 |
||